Normal view MARC view

Entry Topical Term

Number of records used in: 1

001 - CONTROL NUMBER

  • control field: 54866

003 - CONTROL NUMBER IDENTIFIER

  • control field: OSt

005 - DATE AND TIME OF LATEST TRANSACTION

  • control field: 20250630144419.0

008 - FIXED-LENGTH DATA ELEMENTS

  • fixed length control field: 250630|| aca||aabn | a|a d

040 ## - CATALOGING SOURCE

  • Original cataloging agency: OSt
  • Transcribing agency: OSt

150 ## - HEADING--TOPICAL TERM

  • Topical term or geographic name entry element: vehicle scrapping policy, environmental impact, scrapping family car, sustainable auto industry, VVMP reforms

670 ## - SOURCE DATA FOUND

  • Source citation: Work cat.: (OSt): Rajora, Arun Kumar and Sumit 54865, Reforming v-vmp: an evaluation of sustainable vehicle scrapping policy

Powered by Koha